00546nam a2200169 a 450000100100000000500170001000800410002704000250006808200170009310000210011024000280013124501010015926000440026030000210030470000170032570000340034200004205120201002035916.0131112s1975 sp 000 0 spa d aDO-SdBNPbspacBNPHU axxxxxbxxxxx1 aCaldwell, Taylor10aThe romance of atlantis13aLa leyenda de atlántida /cTaylor Caldwell, Jess Stearn ; traducción Amparo García Burgos. aBarcelona :bEdiciones Grijaldo,c1975. a343 p. ;c20 cm.1 aStearn, Jess1 aGarcía Burgos, Amparo,etr.